|
|
|
|
| LEADER |
04814nam a22005295i 4500 |
| 001 |
978-1-4020-4256-0 |
| 003 |
DE-He213 |
| 005 |
20151204175505.0 |
| 007 |
cr nn 008mamaa |
| 008 |
100301s2006 ne | s |||| 0|eng d |
| 020 |
|
|
|a 9781402042560
|9 978-1-4020-4256-0
|
| 024 |
7 |
|
|a 10.1007/978-1-4020-4256-0
|2 doi
|
| 040 |
|
|
|d GrThAP
|
| 050 |
|
4 |
|a QH345
|
| 050 |
|
4 |
|a QD415-436
|
| 072 |
|
7 |
|a PSB
|2 bicssc
|
| 072 |
|
7 |
|a SCI007000
|2 bisacsh
|
| 082 |
0 |
4 |
|a 572
|2 23
|
| 245 |
1 |
0 |
|a Photosystem I
|h [electronic resource] :
|b The Light-Driven Plastocyanin:Ferredoxin Oxidoreductase /
|c edited by John H. Golbeck.
|
| 264 |
|
1 |
|a Dordrecht :
|b Springer Netherlands,
|c 2006.
|
| 300 |
|
|
|a XXXI, 713 p.
|b online resource.
|
| 336 |
|
|
|a text
|b txt
|2 rdacontent
|
| 337 |
|
|
|a computer
|b c
|2 rdamedia
|
| 338 |
|
|
|a online resource
|b cr
|2 rdacarrier
|
| 347 |
|
|
|a text file
|b PDF
|2 rda
|
| 490 |
1 |
|
|a Advances in Photosynthesis and Respiration,
|x 1572-0233 ;
|v 24
|
| 505 |
0 |
|
|a A Personal Historical Introduction to Photosystem I: Ferredoxin + FNR, the Key to NADP+ Reduction -- The Discovery of Bound Iron–Sulfur Clusters in Photosystem I by EPR Spectroscopy -- The Discovery of P430 and Work on Photosystem I Electron Acceptors FeS-X and A0 at the Charles F. Kettering Research Laboratory -- Historical Introduction to Photosystem I: The Discovery of the A1 and A2(Fx?) Acceptors by Time-Resolved Optical Spectroscopy -- Association of Photosystem I and Light-Harvesting Complex II during State Transitions -- Structural Analysis of Cyanobacterial Photosystem I -- Structure, Function, and Regulation of Plant Photosystem I -- Molecular Interactions of the Stromal Subunit PsaC with the PsaA/PsaB Heterodimer -- Accessory Chlorophyll Proteins in Cyanobacterial Photosystem I -- LHCI: The Antenna Complex of Photosystem I in Plants and Green Algae -- The Low Molecular Mass Subunits in Higher Plant Photosystem I -- Ultrafast Optical Spectroscopy of Photosystem I -- The Long Wavelength Chlorophylls of Photosystem I -- Mutagenesis of Ligands to the Cofactors in Photosystem I -- Genetic Manipulation of Quinone Biosynthesis in Cyanobacteria -- Optical Measurements of Secondary Electron Transfer in Photosystem I -- EPR Studies of the Primary Electron Donor P700 in Photosystem -- FTIR Studies of the Primary Electron Donor, P700 -- Primary Charge Separation Between P700* and the Primary Electron Acceptor Complex A-A0: A Comparison with Bacterial Reaction Centers -- Fourier Transform Infrared Studies of the Secondary Electron Acceptor, A1 -- Electrogenic Reactions Associated with Electron Transfer in Photosystem I -- High-Field EPR Studies of Electron Transfer Intermediates in Photosystem I -- Transient EPR Spectroscopy as Applied to Light-Induced Functional Intermediates Along the Electron Transfer Pathway in Photosystem I -- Electron Transfer Involving Phylloquinone in Photosystem I -- The Directionality of Electron Transport in Photosystem I -- Electron Transfer from the Bound Iron–Sulfur Clusters to Ferredoxin/Flavodoxin: Kinetic and Structural Properties of Ferredoxin/Flavodoxin Reduction by Photosystem I -- Electron Transfer From Ferredoxin and Flavodoxin to Ferredoxin:NADP+ Reductase -- The Interaction of Ferredoxin with Ferredoxin-Dependent Enzymes -- Electron Transfer Between Photosystem I and Plastocyanin or Cytochrome c6 -- Genetic Dissection of Photosystem I Assembly and Turnover in Eukaryotes -- Assembly of the Bound Iron–Sulfur Clusters in Photosystem I -- The Assembly of Photosystem I Reducing Site -- Thermodynamics of Photosystem I -- Application of Marcus Theory to Photosystem I Electron Transfer -- Modeling of Optical Spectra and Light Harvesting in Photosystem I -- Functional Modeling of Electron Transfer in Photosynthetic Reaction Centers -- Cyclic Electron Transfer Around Photosystem I -- Photoinhibition and Protection of Photosystem I -- Evolutionary Relationships Among Type I Photosynthetic Reaction Centers -- Convergent Evolution of Cytochrome c6 and Plastocyanin.
|
| 650 |
|
0 |
|a Life sciences.
|
| 650 |
|
0 |
|a Biochemistry.
|
| 650 |
|
0 |
|a Plant biochemistry.
|
| 650 |
|
0 |
|a Plant science.
|
| 650 |
|
0 |
|a Botany.
|
| 650 |
|
0 |
|a Biophysics.
|
| 650 |
|
0 |
|a Biological physics.
|
| 650 |
1 |
4 |
|a Life Sciences.
|
| 650 |
2 |
4 |
|a Biochemistry, general.
|
| 650 |
2 |
4 |
|a Plant Sciences.
|
| 650 |
2 |
4 |
|a Plant Biochemistry.
|
| 650 |
2 |
4 |
|a Biophysics and Biological Physics.
|
| 700 |
1 |
|
|a Golbeck, John H.
|e editor.
|
| 710 |
2 |
|
|a SpringerLink (Online service)
|
| 773 |
0 |
|
|t Springer eBooks
|
| 776 |
0 |
8 |
|i Printed edition:
|z 9781402042553
|
| 830 |
|
0 |
|a Advances in Photosynthesis and Respiration,
|x 1572-0233 ;
|v 24
|
| 856 |
4 |
0 |
|u http://dx.doi.org/10.1007/978-1-4020-4256-0
|z Full Text via HEAL-Link
|
| 912 |
|
|
|a ZDB-2-SBL
|
| 950 |
|
|
|a Biomedical and Life Sciences (Springer-11642)
|